000 01208cam a2200313 a 4500
001 000018429
005 20200929165515.0
008 840905m19841985pr s000 0 spa
010 _a 84020849
020 _a0847735117 (pbk. : v. 1)
020 _a0847735141 (pbk. : v. 2)
020 _a084773515X (pbk : set)
040 _aDO-SdBNP
_cDLC
_dDLC
050 0 0 _aPQ6174
_b.A86 1984
245 0 0 _aAntología de literatura hispánica contemporánea /
_c[compiladoras] Matilde Colón ... [et al.].
250 _a1a ed.
260 _aRío Piedras, P.R. :
_bEditorial de la Universidad de Puerto Rico,
_c1984-1985.
300 _a2 v. ;
_c24 cm.
500 _aReadings for Español 3101-3102, University of Puerto Rico.
650 0 _aSpanish literature
_y20th century.
_939892
650 0 _aSpanish american literature
_y20th century.
_939893
650 0 _aPuerto rican literature
_y20th century.
_939894
700 1 _aColón, Matilde.
_939895
710 2 _aUniversity of Puerto Rico (System)
_939896
910 _aCatalogación por derivada / LC
906 _a7
_bcbc
_corignew
_d1
_eocip
_f19
_gy-gencatlg
082 0 0 _a860/.8/006
_219
991 _bc-GenColl
_hPQ6174
_i.A86 1984
_p00017421876
_tCopy 1
_wBOOKS
999 _c17950
_d17950